|
|
|
|
| LEADER |
00875nam a22002777i 4500 |
| 001 |
7027 |
| 003 |
BD-DhAAL |
| 005 |
20150817110209.0 |
| 008 |
150817s2015 ii 000 f eng d |
| 010 |
|
|
|a 2014360993
|
| 020 |
|
|
|a 0070425493
|
| 040 |
|
|
|a DKAGE
|b eng
|e rda
|c DKAGE
|d DLC
|d BD-DhAAL
|
| 050 |
0 |
0 |
|a MLC
|
| 050 |
|
4 |
|a PR9499.4.G87
|b C67 2015
|
| 082 |
0 |
4 |
|a 823.008
|2 23
|
| 100 |
1 |
|
|a Matteoni, Louise
|c (
|9 13862
|
| 245 |
1 |
4 |
|a The copper sky /
|c Louise Matteoni.
|
| 260 |
|
|
|a New York
|b McGraw-Hill
|c c1988
|
| 300 |
|
|
|a 575 p. ;
|c 25 cm
|
| 500 |
|
|
|a Novel.
|
| 541 |
|
|
|e 7027
|
| 650 |
|
|
|a English fiction.
|9 13863
|
| 655 |
|
0 |
|a Indic fiction (English)
|9 13864
|
| 942 |
|
|
|2 ddc
|c BK
|
| 999 |
|
|
|c 35260
|d 35260
|
| 952 |
|
|
|0 0
|1 0
|2 ddc
|4 0
|6 823_008000000000000_MAT
|7 0
|9 55315
|a SCL
|b SCL
|c GEN
|d 2015-08-17
|e Gift: The Asia Foundation
|l 0
|o 823.008 MAT
|p 3020007027
|r 2015-08-17
|t 1
|w 2015-08-17
|y BK
|